Starcraft 2 Units - Statistics

General Stats
  • This quiz has been taken 23 times
  • The average score is 34 of 58
Answer Stats
Answer % Correct
Marine
100%
Siege Tank
100%
Zealot
100%
Zergling
100%
Battlecruiser
90%
Ghost
90%
Probe
90%
SCV
90%
Ultralisk
90%
Banshee
80%
Carrier
80%
Dark Templar
80%
Drone
80%
Hellion/Hellbat
80%
Hydralisk
80%
Mothership
80%
Viking
80%
Archon
70%
High Templar
70%
Marauder
70%
Medivac Dropship
70%
Phoenix
70%
Roach
70%
Stalker
70%
Colossus
60%
Immortal
60%
Lurker
60%
Oracle
60%
Overlord
60%
Overseer
60%
Queen
60%
Raven
60%
Reaper
60%
Sentry
60%
Viper
60%
Baneling
50%
Corruptor
50%
Mutalisk
50%
Tempest
50%
Void Ray
50%
Widow Mine
50%
Adept
40%
Brood Lord
40%
Cyclone
40%
Infestor
40%
MULE
40%
Ravager
40%
Swarm Host
40%
Thor
40%
Warp Prism
40%
Liberator
30%
Observer
30%
Broodling
20%
Disruptor
20%
Locust
20%
Spine Crawler
10%
Spore Crawler
10%
Changeling
0%
No matching quizzes found
Score Distribution
Percent of People with Each Score
Percentile by Number Answered
Your Score History
You have not taken this quiz